00285nam a2200121Ia 4500008004100000100002000041245001100061260003900072300000800111650002000119942000700139999001700146190216s9999||||xx |||||||||||||| ||und|| aWilliam Hazlitt 0aEssays bUniversity Tutorial Prss Ltdc1967 a278 aEnglish Stories cBK c13541d13541